Tenderness and 24 other ways to make a marriage work. (Record no. 14657)

000 -LEADER
fixed length control field 00662nam a2200205 a 4500
001 - CONTROL NUMBER
control field :::00012490$&:&@@
003 - CONTROL NUMBER IDENTIFIER
control field OkBaRHE
005 - DATE AND TIME OF LATEST TRANSACTION
control field 20000607103419.0
008 - FIXED-LENGTH DATA ELEMENTS--GENERAL INFORMATION
fixed length control field s1967 j 000 0 eng u
040 ## - CATALOGING SOURCE
Transcribing agency
100 1# - MAIN ENTRY--PERSONAL NAME
Personal name Price, Nelson L.
245 10 - TITLE STATEMENT
Title Tenderness and 24 other ways to make a marriage work.
260 ## - PUBLICATION, DISTRIBUTION, ETC. (IMPRINT)
Place of publication, distribution, etc Old Tappan, NJ., :
Name of publisher, distributor, etc Fleming H. Revell, Co.
Date of publication, distribution, etc c1967
300 ## - PHYSICAL DESCRIPTION
Extent 158 p. ;
Dimensions 21 cm.
650 ## - SUBJECT ADDED ENTRY--TOPICAL TERM
Topical term or geographic name as entry element Communication in Marriage
650 ## - SUBJECT ADDED ENTRY--TOPICAL TERM
Topical term or geographic name as entry element Marriage
650 ## - SUBJECT ADDED ENTRY--TOPICAL TERM
Topical term or geographic name as entry element Marriage
General subdivision Religious Aspects
-- Christianity
942 ## - ADDED ENTRY ELEMENTS (KOHA)
Source of classification or shelving scheme
Koha item type Books
Copies
Barcode Price effective from Date acquired Source of classification or shelving scheme Shelving location Koha item type Damaged status Permanent Location Not for loan Date last seen Lost status Copy number Withdrawn status Full call number
124902010-04-142010-04-14 General StacksBooks RHEMA Bible Training College 2010-04-14 1 HQ 734 .P919